000 00294nam a22001337a 4500
008 170829b xxu||||| |||| 00| 0 eng d
020 _a2901256777136
041 _aeng
080 _a070
100 _a39
101 _aMED
245 _aCOMPOSE DESIGN ADROCATE
_cWYSOCKI,A.F
942 _2udc
_cBK
999 _c25440
_d25440